Industrial engineering and technology development supported by statistical methods

Nanoveda, nanotechnológie, nanometria a technologické inžinierstvo. Charakteristika technologických možností meracích a výrobných zariadení ako aj možnosti investovania v spomenutých oblastiach.

Salvato in:
Dettagli Bibliografici
Autore principale: Horníková, Adriana
Altri autori: Durakbasa, Numan M.
Natura: Capitolo di libro
Lingua:inglese
Soggetti:
Tags: Aggiungi Tag
Nessun Tag, puoi essere il primo ad aggiungerne!!

MARC

LEADER 00000naa a2200000 4500
001 0172108
005 20240502072942.3
041 0 |a eng 
044 |a SK 
245 1 0 |a Industrial engineering and technology development supported by statistical methods  |c Adriana Horníková, Numan M. Durakbasa 
520 |a Nanoveda, nanotechnológie, nanometria a technologické inžinierstvo. Charakteristika technologických možností meracích a výrobných zariadení ako aj možnosti investovania v spomenutých oblastiach. 
610 2 0 |a nanotechnológie 
610 2 0 |a rozvoj technický 
610 2 0 |a analýza štatistická 
610 2 0 |a inovácia 
610 2 0 |a kvalita 
610 2 0 |a inžinierstvo informačné 
610 2 0 |a meranie 
610 2 0 |a manažment 
100 1 |a Horníková, Adriana 
700 1 |a Durakbasa, Numan M.